| 000 -LEADER |
| fixed length control field |
02837cam a22003737i 4500 |
| 001 - CONTROL NUMBER |
| control field |
22745316 |
| 005 - DATE AND TIME OF LATEST TRANSACTION |
| control field |
20240703113550.0 |
| 008 - FIXED-LENGTH DATA ELEMENTS--GENERAL INFORMATION |
| fixed length control field |
220810s2023 enka b 001 0 eng d |
| 010 ## - LIBRARY OF CONGRESS CONTROL NUMBER |
| LC control number |
2022944428 |
| 015 ## - NATIONAL BIBLIOGRAPHY NUMBER |
| National bibliography number |
GBC325743 |
| Source |
bnb |
| 020 ## - INTERNATIONAL STANDARD BOOK NUMBER |
| International Standard Book Number |
9781529791136X |
| Qualifying information |
(pbk) |
| 042 ## - AUTHENTICATION CODE |
| Authentication code |
lccopycat |
| 080 ## - UNIVERSAL DECIMAL CLASSIFICATION NUMBER |
| Universal Decimal Classification number |
378 B-92 |
| 082 04 - DEWEY DECIMAL CLASSIFICATION NUMBER |
| Edition number |
23 |
| 100 1# - MAIN ENTRY--PERSONAL NAME |
| Personal name |
Buckler, Scott, |
| Relator term |
author. |
| 9 (RLIN) |
22675 |
| 245 10 - TITLE STATEMENT |
| Title |
Essentials of research methods in education / |
| Statement of responsibility, etc. |
Scott Buckler & Harriett Moore. |
| 264 #1 - PRODUCTION, PUBLICATION, DISTRIBUTION, MANUFACTURE, AND COPYRIGHT NOTICE |
| Place of production, publication, distribution, manufacture |
Los Angeles : |
| Name of producer, publisher, distributor, manufacturer |
SAGE, |
| Date of production, publication, distribution, manufacture, or copyright notice |
[2023] |
| 300 ## - PHYSICAL DESCRIPTION |
| Extent |
xxxii, 402 pages : |
| Other physical details |
illustrations ; |
| Dimensions |
24 cm |
| 504 ## - BIBLIOGRAPHY, ETC. NOTE |
| Bibliography, etc. note |
Includes bibliographical references (pages 375-394) and index. |
| 505 0# - FORMATTED CONTENTS NOTE |
| Formatted contents note |
Section 1. Introduction to educational methods. -- Introduction -- Perspectives and philosophy -- Sociocultural context -- Research design stages -- Section 2. Initial considerations. -- The literature review -- Research designs -- Ethics -- Specifying your research focus -- Section 3. Methodological considerations, methods and analysis. -- Quantitative considerations and methods -- Qualitative considerations and methods -- Mixed methodologies and mixed approaches -- Quantitative analysis and presentation -- Qualitative analysis and presentation -- Section 4. Engaging with your own research. |
| 520 ## - SUMMARY, ETC. |
| Summary, etc. |
"This book provides a comprehensive overview of research methods, supported by examples from a range of educational fields, along with pragmatic advice and guidance on how to undertake educational research. Using the concept of research as a 'quest', this book takes you on a journey from the planning stages, through data collection and analysis, to writing up your findings, at each stage exploring the principles and practice that can support your own educational research projects. Academic understanding is combined with practical commentary to show how conceptual ideas are used in practice. Case studies throughout the book highlight the power of educational research to shine a light on important social issues"-- |
| Assigning source |
Page 4 of cover. |
| 650 #0 - SUBJECT ADDED ENTRY--TOPICAL TERM |
| Topical term or geographic name entry element |
Education |
| General subdivision |
Research |
| -- |
Methodology. |
| 9 (RLIN) |
22676 |
| 650 #0 - SUBJECT ADDED ENTRY--TOPICAL TERM |
| Topical term or geographic name entry element |
Education |
| General subdivision |
Research |
| Form subdivision |
Case studies. |
| 9 (RLIN) |
22677 |
| 650 #7 - SUBJECT ADDED ENTRY--TOPICAL TERM |
| Topical term or geographic name entry element |
education. |
| Source of heading or term |
atg |
| Authority record control number or standard number |
http://lod.nal.usda.gov/nalt/4388 |
| 9 (RLIN) |
22678 |
| 650 #7 - SUBJECT ADDED ENTRY--TOPICAL TERM |
| Topical term or geographic name entry element |
Education |
| General subdivision |
Research. |
| Source of heading or term |
fast |
| 9 (RLIN) |
22679 |
| 650 #7 - SUBJECT ADDED ENTRY--TOPICAL TERM |
| Topical term or geographic name entry element |
Education |
| General subdivision |
Research |
| -- |
Methodology. |
| Source of heading or term |
fast |
| 9 (RLIN) |
22676 |
| 653 ## - INDEX TERM--UNCONTROLLED |
| keyword |
კვლევის მეთოდების საფუძვლები განათლებაში |
| 653 ## - INDEX TERM--UNCONTROLLED |
| keyword |
პედაგოგიკა |
| 700 1# - ADDED ENTRY--PERSONAL NAME |
| Personal name |
Moore, Harriett, |
| Relator term |
author. |
| 9 (RLIN) |
22681 |
| 776 08 - ADDITIONAL PHYSICAL FORM ENTRY |
| Relationship information |
ebook version : |
| International Standard Book Number |
9781529618488 |
| 906 ## - LOCAL DATA ELEMENT F, LDF (RLIN) |
| a |
7 |
| b |
cbc |
| c |
copycat |
| d |
2 |
| e |
ncip |
| f |
20 |
| g |
y-gencatlg |
| 942 ## - ADDED ENTRY ELEMENTS (KOHA) |
| Source of classification or shelving scheme |
|
| Koha item type |
წიგნი |